000 00457nam a2200145 4500
082 _aBESE-3 HAR
100 _aNAUMAN HAROON
245 _aFACIAL RECOGNITION SYSTEM
260 _a(ISLAMABAD)
_b NUST-SEECS
_c2016
300 _a42p.
_eCD INCLUDES
856 _uhttp://10.250.8.41:8080/xmlui/handle/123456789/6839
942 _2ddc
_cTHE
999 _c173096
_d173096